Statistics for europe quiz

Click here to take the quiz!

General Stats

  • This quiz has been taken 12 times
  • The average score is 40 of 45

Answer Stats

HintAnswer% Correct
germanyberlin
100%
belgiumbrussels
100%
hungarybudapest
100%
denmarkcopenhagen
100%
irelanddublin
100%
finlandhelsinki
100%
ukrainekyiv
100%
portugallisbon
100%
uklondon
100%
spainmadrid
100%
monacomonaco
100%
russiamoscow
100%
norwayoslo
100%
franceparis
100%
italyrome
100%
vatican cityvatican city
100%
austriavienna
100%
netherlandsamsterdam
92%
slovakiabratislava
92%
romaniabucharest
92%
luxembourgluxembourg
92%
czech republicprague
92%
icelandreykjavik
92%
latviariga
92%
san marinosan marino
92%
swedenstockholm
92%
estoniatallinn
92%
andorraandorra la vella
83%
greeceathens
83%
switzerlandbern
83%
belarusminsk
83%
bosnia and herzegovinasarajevo
83%
bulgariasofia
83%
albaniatirana
83%
liechtensteinvaduz
83%
polandwarsaw
83%
croatiazagreb
83%
serbiabelgrade
75%
slovenialjubljana
75%
lithuaniavilnius
75%
moldovachisinau
67%
montenegropodgorica
67%
kosovopristina
67%
maltavalletta
67%
north macedoniaskopje
58%

Score Distribution

Percentile by Number Answered

Percent of People with Each Score

Your Score History

You have not taken this quiz